Housing law (Record no. 101707)

MARC details
000 -LEADER
fixed length control field 01217cam a2200289 4500
008 - FIXED-LENGTH DATA ELEMENTS--GENERAL INFORMATION
fixed length control field 011015n2003 000 0 eng u
020 ## - INTERNATIONAL STANDARD BOOK NUMBER
International Standard Book Number 0421740604
035 ## - SYSTEM CONTROL NUMBER
System control number (Sirsi) u115115
041 ## - LANGUAGE CODE
Language code of text/sound track or separate title eng
050 ## - LIBRARY OF CONGRESS CALL NUMBER
Classification number 306.026
-- 18
100 ## - MAIN ENTRY--PERSONAL NAME
Personal name Baker, Christopher
245 ## - TITLE STATEMENT
Title Housing law
Remainder of title pleadings in practice
250 ## - EDITION STATEMENT
Edition statement 2nd ed.
260 ## - PUBLICATION, DISTRIBUTION, ETC.
Place of publication, distribution, etc. London
Name of publisher, distributor, etc. Sweet & Maxwell
Date of publication, distribution, etc. 2003
300 ## - PHYSICAL DESCRIPTION
Extent xxxi, 521p.
Dimensions 25cm.
350 ## - PRICE (NR) (BK AM CF MU VM SE) [OBSOLETE]
Price 60
520 ## - SUMMARY, ETC.
Summary, etc. This text provides a practical, accessible toolkit for those involved in housing law court-based litigation. Reflects the numerous developments in housing law, including the Housing Act 1996, the Human Rights Act 1998 and the Homelessness Act 2002. Sections on homelessness and allocations; disrepair and statutory nuisance; rent and service charges; legal remedies for anti-social behaviour; unlawful eviction and harassment; possession proceedings; and rights of acquisition and succession. Tables of cases and statutes.
650 ## - SUBJECT ADDED ENTRY--TOPICAL TERM
Topical term or geographic name entry element HOMELESSNESS
650 ## - SUBJECT ADDED ENTRY--TOPICAL TERM
Topical term or geographic name entry element RENTCHARGES
650 ## - SUBJECT ADDED ENTRY--TOPICAL TERM
Topical term or geographic name entry element DISREPAIR
650 ## - SUBJECT ADDED ENTRY--TOPICAL TERM
Topical term or geographic name entry element EVICTION
650 ## - SUBJECT ADDED ENTRY--TOPICAL TERM
Topical term or geographic name entry element MORTGAGE POSSESSIONS
690 ## - LOCAL SUBJECT ADDED ENTRY--TOPICAL TERM (OCLC, RLIN)
Topical term or geographic name as entry element HOUSING
700 ## - ADDED ENTRY--PERSONAL NAME
Personal name Manning, Jonathan
700 ## - ADDED ENTRY--PERSONAL NAME
Personal name Shepherd, Jim
942 ## - ADDED ENTRY ELEMENTS (KOHA)
Suppress in OPAC 0
Holdings
Withdrawn status Lost status Source of classification or shelving scheme Damaged status Not for loan Home library Current library Shelving location Date acquired Total Checkouts Full call number Barcode Date last seen Date last checked out Copy number Price effective from Koha item type
    Dewey Decimal Classification     London London Books 11/12/2003 7 306.026 BAK 30068890 06/08/2019 28/10/2009 1 06/08/2019 Book